<?xml version="1.0" encoding="UTF-8"?>
<record
    xmlns:xsi="http://www.w3.org/2001/XMLSchema-instance"
    xsi:schemaLocation="http://www.loc.gov/MARC21/slim http://www.loc.gov/standards/marcxml/schema/MARC21slim.xsd"
    xmlns="http://www.loc.gov/MARC21/slim">

  <leader>00490nam a2200169Ia 4500</leader>
  <controlfield tag="008">230718s9999    xx            000 0 und d</controlfield>
  <datafield tag="020" ind1=" " ind2=" ">
    <subfield code="a">9789386052025</subfield>
  </datafield>
  <datafield tag="041" ind1=" " ind2=" ">
    <subfield code="a">eng</subfield>
  </datafield>
  <datafield tag="082" ind1=" " ind2=" ">
    <subfield code="a">005.13'3</subfield>
    <subfield code="b">GAR</subfield>
  </datafield>
  <datafield tag="100" ind1=" " ind2=" ">
    <subfield code="a">Gardner L.D.</subfield>
    <subfield code="9">201484</subfield>
  </datafield>
  <datafield tag="245" ind1=" " ind2=" ">
    <subfield code="a">JavaScript On Things</subfield>
    <subfield code="b">Hacking Hardware For Web Developers</subfield>
  </datafield>
  <datafield tag="260" ind1=" " ind2=" ">
    <subfield code="c">2018</subfield>
    <subfield code="b">Dreamtech/Manning</subfield>
  </datafield>
  <datafield tag="300" ind1=" " ind2=" ">
    <subfield code="a">426</subfield>
  </datafield>
  <datafield tag="365" ind1=" " ind2=" ">
    <subfield code="c">Rs.</subfield>
    <subfield code="b">899.00</subfield>
  </datafield>
  <datafield tag="700" ind1=" " ind2=" ">
    <subfield code="a">Gardner L.D.</subfield>
    <subfield code="9">201484</subfield>
  </datafield>
  <datafield tag="906" ind1=" " ind2=" ">
    <subfield code="d">O:0637814-Feb-2019B:935218-Jan-2019</subfield>
    <subfield code="c">TC</subfield>
    <subfield code="b">233.74</subfield>
  </datafield>
  <datafield tag="999" ind1=" " ind2=" ">
    <subfield code="c">349540</subfield>
    <subfield code="d">349540</subfield>
  </datafield>
  <datafield tag="952" ind1=" " ind2=" ">
    <subfield code="0">0</subfield>
    <subfield code="1">0</subfield>
    <subfield code="4">0</subfield>
    <subfield code="7">0</subfield>
    <subfield code="a">CCEP</subfield>
    <subfield code="b">CCEP</subfield>
    <subfield code="d">2019-02-15</subfield>
    <subfield code="e">The Forward Books</subfield>
    <subfield code="f">TC</subfield>
    <subfield code="g">665.26</subfield>
    <subfield code="i">9352</subfield>
    <subfield code="l">1</subfield>
    <subfield code="o">005.13'3</subfield>
    <subfield code="p">CCEP-BK-60747</subfield>
    <subfield code="r">2026-01-01 17:19:28</subfield>
    <subfield code="s">2025-12-16</subfield>
    <subfield code="t">233.74</subfield>
    <subfield code="v">899.00</subfield>
    <subfield code="w">2019-01-18</subfield>
    <subfield code="y">BK</subfield>
    <subfield code="z">060747</subfield>
  </datafield>
</record>
